[Event "XXXIII C.to Italiano femminile"]
[Site "Bratto - Castione della Presolana ITA"]
[Date "2006.08.19"]
[Round "1"]
[White "Ammendola, Monica"]
[Black "Panella, Fiammetta"]
[Result "0-1"]
[WhiteElo "1640"]
[BlackElo "1954"]
[PlyCount "98"]
[EventDate "2006.08.19"]

1. b3 d5 2. Bb2 c5 3. Nf3 Nc6 4. g3 Nf6 5. Bg2 Bf5 6. O-O h6 7. d3 e6 8. Nbd2
Be7 9. e4 Bg4 10. Qe1 O-O 11. Ne5 Nxe5 12. Bxe5 Bh5 13. h3 Nd7 14. Bb2 d4 15.
g4 Bg6 16. e5 Rb8 17. Nc4 b5 18. Nd6 Nxe5 19. Qxe5 Bxd6 20. Qe2 Bc7 21. Rae1
Re8 22. Bc1 Qd6 23. f4 f6 24. Bh1 Rbc8 25. Bb7 Rb8 26. Bh1 Bb6 27. Ba3 Qd8 28.
Bc1 c4 29. Qg2 cxd3 30. f5 exf5 31. Qd5+ Qxd5 32. Bxd5+ Bf7 33. Bxf7+ Kxf7 34.
cxd3 fxg4 35. hxg4 Rxe1 36. Rxe1 Re8 37. Rf1 Re2 38. a3 Bc5 39. b4 Bd6 40. Bf4
Ke6 41. Bxd6 Kxd6 42. Rf4 Kd5 43. Kf1 Re3 44. Rf5+ Kc6 45. Rc5+ Kb6 46. Kf2
Rxd3 47. Rd5 Rxa3 48. Rxd4 a5 49. Rd6+ Kc7 0-1

[Event "XXXIII C.to Italiano femminile"]
[Site "Bratto - Castione della Presolana ITA"]
[Date "2006.08.19"]
[Round "1"]
[White "Arnetta, Maria Teresa"]
[Black "Matta, Francesca"]
[Result "1-0"]
[WhiteElo "2020"]
[BlackElo "1841"]
[PlyCount "85"]
[EventDate "2006.08.19"]

1. e4 e5 2. Nf3 Nc6 3. d4 exd4 4. Nxd4 Bc5 5. Be3 Qf6 6. Nb5 Bxe3 7. fxe3 Qh4+
8. g3 Qd8 9. Qg4 Kf8 10. Qf4 d6 11. N1c3 a6 12. Nd4 Ne5 13. O-O-O Ne7 14. h3 b5
15. Be2 b4 16. Nd5 c5 17. Nxe7 Qxe7 18. Nf5 Bxf5 19. exf5 f6 20. Rhe1 g5 21.
fxg6 hxg6 22. h4 Kg7 23. Rh1 Qe6 24. Rhf1 c4 25. Qe4 Rab8 26. Rd4 Rhe8 27. Rfd1
Rb6 28. g4 a5 29. g5 f5 30. Qd5 Qxd5 31. Rxd5 Rd8 32. Rxe5 dxe5 33. Rxd8 c3 34.
Rd5 cxb2+ 35. Kxb2 e4 36. Rxa5 Kf7 37. Rb5 Rd6 38. Rxb4 Rd2 39. Bc4+ Ke7 40.
Rb6 Rh2 41. Rxg6 Rxh4 42. Rf6 Rh3 43. Rxf5 1-0

[Event "XXXIII C.to Italiano femminile"]
[Site "Bratto - Castione della Presolana ITA"]
[Date "2006.08.19"]
[Round "1"]
[White "Capuano, Francesca"]
[Black "Palmitessa, Irene"]
[Result "1-0"]
[WhiteElo "1977"]
[BlackElo "1643"]
[PlyCount "51"]
[EventDate "2006.08.19"]

1. d4 d5 2. Nf3 Nf6 3. Bg5 e6 4. e3 c5 5. c3 Nc6 6. Nbd2 cxd4 7. exd4 Be7 8.
Bd3 h6 9. Bh4 O-O 10. O-O Nh7 11. Bxe7 Qxe7 12. Ne5 Nf6 13. f4 Nd7 14. Qe2 Re8
15. Rae1 Ncxe5 16. fxe5 f6 17. exf6 Nxf6 18. Nf3 Qd6 19. Ne5 Rf8 20. Rf3 Nd7
21. Rxf8+ Nxf8 22. Qh5 Bd7 23. Qf7+ Kh8 24. Ng6+ Nxg6 25. Qxg6 Kg8 26. Rf1 1-0

[Event "XXXIII C.to Italiano femminile"]
[Site "Bratto - Castione della Presolana ITA"]
[Date "2006.08.19"]
[Round "1"]
[White "Chierici, Marianna"]
[Black "Zanaboni, Alessandra"]
[Result "1-0"]
[WhiteElo "1938"]
[BlackElo "1617"]
[PlyCount "73"]
[EventDate "2006.08.19"]

1. e4 c5 2. c3 e6 3. d4 cxd4 4. cxd4 d6 5. Nc3 Nf6 6. Nf3 a6 7. Bd3 Be7 8. O-O
O-O 9. Bg5 Nc6 10. e5 Nd7 11. Bxe7 Qxe7 12. exd6 Qxd6 13. Bxh7+ Kxh7 14. Ng5+
Kg6 15. Nge4 Qf4 16. g3 Qh6 17. d5 exd5 18. Qxd5 Nde5 19. Nd6 Kh7 20. Nxc8
Raxc8 21. Rae1 Qf6 22. f4 Ng4 23. Qh5+ Nh6 24. f5 Qd4+ 25. Kg2 Qg4 26. Qxg4
Nxg4 27. Rf4 Nf6 28. g4 Rfe8 29. Ref1 Nd7 30. Ne4 Re7 31. g5 Rh8 32. Nd6 Nc5
33. Nxf7 Kg8 34. Nxh8 Kxh8 35. f6 gxf6 36. Rxf6 Kg7 37. h4 1-0

[Event "XXXIII C.to Italiano femminile"]
[Site "Bratto - Castione della Presolana ITA"]
[Date "2006.08.19"]
[Round "1"]
[White "De Rosa, Mariagrazia"]
[Black "Brunello, Roberta"]
[Result "1-0"]
[WhiteElo "2092"]
[BlackElo "1863"]
[PlyCount "47"]
[EventDate "2006.08.19"]

1. g3 d5 2. Bg2 e5 3. c3 Nf6 4. d3 c6 5. Nd2 Bc5 6. Nb3 Bb6 7. Nf3 Nbd7 8. O-O
O-O 9. Qc2 Re8 10. e4 dxe4 11. dxe4 Nf8 12. Bg5 Ne6 13. Rad1 Qe7 14. Bc1 Bc7
15. Nbd2 Bd7 16. b4 Nd8 17. Nc4 c5 18. Bg5 Bb5 19. Ne3 Bc6 20. Nh4 g6 21. b5
Bxb5 22. Nd5 Qf8 23. Nxf6+ Kh8 24. c4 1-0

[Event "XXXIII C.to Italiano femminile"]
[Site "Bratto - Castione della Presolana ITA"]
[Date "2006.08.19"]
[Round "1"]
[White "Messina, Roberta"]
[Black "Costantini, Laura"]
[Result "1/2-1/2"]
[WhiteElo "1859"]
[BlackElo "2048"]
[PlyCount "96"]
[EventDate "2006.08.19"]

1. e4 c5 2. Nf3 d6 3. d4 cxd4 4. Nxd4 Nf6 5. Nc3 a6 6. g3 e6 7. Bg2 Be7 8. O-O
O-O 9. Be3 Qc7 10. h3 Nbd7 11. Nde2 Rb8 12. a4 b6 13. g4 Bb7 14. Ng3 Nc5 15. g5
Ne8 16. h4 Rd8 17. Qg4 d5 18. exd5 exd5 19. Nf5 Qd7 20. Nxd5 Bxd5 21. Bxd5 Nd6
22. Nxe7+ Qxe7 23. g6 hxg6 24. Bg5 Qd7 25. Qf3 Rc8 26. h5 gxh5 27. Qxh5 Qf5 28.
Bf3 Nce4 29. Be3 Qxh5 30. Bxh5 Rxc2 31. Bxb6 g6 32. Bf3 Nd2 33. Bd1 Rxb2 34.
Bd4 Nxf1 35. Bxb2 Nd2 36. Bc3 N2e4 37. Bd4 Nf5 38. Bb6 Rb8 39. a5 Nc3 40. Bf3
Nb5 41. Bd5 Nfd6 42. Re1 Kf8 43. Re3 Rc8 44. Rh3 Kg7 45. Re3 Kf8 46. Rh3 Ke7
47. Re3+ Kf6 48. Rf3+ Kg7 1/2-1/2

[Event "XXXIII C.to Italiano femminile"]
[Site "Bratto - Castione della Presolana ITA"]
[Date "2006.08.19"]
[Round "1"]
[White "Monticone, Sonia"]
[Black "Brunello, Marina"]
[Result "0-1"]
[WhiteElo "1623"]
[BlackElo "1944"]
[PlyCount "60"]
[EventDate "2006.08.19"]

1. c4 e6 2. Nc3 d5 3. d4 Nf6 4. e3 Be7 5. Nf3 O-O 6. Qc2 Nbd7 7. c5 c6 8. Bd3
Qc7 9. e4 e5 10. b4 a5 11. exd5 cxd5 12. Nb5 Qb8 13. dxe5 Nxe5 14. Nfd4 Nxd3+
15. Qxd3 axb4 16. c6 Qe5+ 17. Qe3 Bd6 18. Qxe5 Bxe5 19. cxb7 Bxb7 20. O-O Ba6
21. Re1 Rfe8 22. f4 Bxd4+ 23. Nxd4 Rxe1+ 24. Kf2 Rd1 25. Nc6 Ne4+ 26. Kf3 b3
27. Ne7+ Kf8 28. Nf5 Bc8 29. Ba3+ Rxa3 30. Rxd1 bxa2+ 0-1

[Event "XXXIII C.to Italiano femminile"]
[Site "Bratto - Castione della Presolana ITA"]
[Date "2006.08.19"]
[Round "1"]
[White "Mosca, Giulia"]
[Black "Fittante, Giuliana"]
[Result "1-0"]
[WhiteElo "1563"]
[BlackElo "1883"]
[PlyCount "143"]
[EventDate "2006.08.19"]

1. e4 Nf6 2. Nc3 d5 3. e5 d4 4. exf6 dxc3 5. fxg7 cxd2+ 6. Qxd2 Qxd2+ 7. Bxd2
Bxg7 8. O-O-O Bf5 9. Ne2 Nd7 10. Bc3 e5 11. Ng3 Bg6 12. Bd3 O-O-O 13. Rhe1 Rhe8
14. Bf5 Bh6+ 15. Bd2 Bg7 16. Bc3 f6 17. Kb1 Bf8 18. Re2 Bd6 19. Red2 Kb8 20.
Bxg6 hxg6 21. Ne4 Re6 22. Nxd6 Rxd6 23. Rxd6 cxd6 24. Rxd6 Kc7 25. Rd2 Rh8 26.
h3 Nc5 27. f3 Rh4 28. a3 Rf4 29. Bb4 Ne6 30. Bd6+ Kc6 31. Be7 Nd4 32. c3 Nb5
33. Bf8 Kc7 34. Bh6 g5 35. Bf8 b6 36. Rd3 e4 37. fxe4 Rxe4 38. Rf3 Re1+ 39. Ka2
Re2 40. g4 Rh2 41. Be7 Re2 42. Bxf6 Nd6 43. Kb3 Ne4 44. Rf5 Re3 45. Bxg5 Rxh3
46. Bf4+ Kc6 47. Re5 Nc5+ 48. Ka2 Nd3 49. Re6+ Kb5 50. Bb8 Rh7 51. g5 Rg7 52.
g6 Kc4 53. Bd6 Kd5 54. Rf6 Ne5 55. Bxe5 Kxe5 56. Rf7 Rxg6 57. Rxa7 Kd5 58. a4
Rg4 59. Kb3 Kc6 60. a5 bxa5 61. Rxa5 Kb6 62. Ra4 Rg5 63. Ka3 Rg3 64. Rc4 Kb5
65. Rc8 Rg4 66. c4+ Rxc4 67. Rxc4 Kxc4 68. Ka4 Kc5 69. Ka5 Kc6 70. b4 Kc7 71.
Ka6 Kc6 72. b5+ 1-0

[Event "XXXIII C.to Italiano femminile"]
[Site "Bratto - Castione della Presolana ITA"]
[Date "2006.08.19"]
[Round "1"]
[White "Sautto, Alessandra"]
[Black "Chiarion, Elisa"]
[Result "1-0"]
[WhiteElo "1950"]
[BlackElo "1636"]
[PlyCount "113"]
[EventDate "2006.08.19"]

1. d4 d5 2. Nf3 Bf5 3. c4 e6 4. Qb3 b6 5. e3 Nf6 6. Ne5 c6 7. Nd2 Nfd7 8. Ndf3
Bd6 9. Be2 O-O 10. O-O Qc7 11. Nxd7 Nxd7 12. Bd2 Bg4 13. h3 Bh5 14. cxd5 exd5
15. Rac1 Nf6 16. Bb4 c5 17. dxc5 bxc5 18. Bc3 Rab8 19. Qd1 Qe7 20. Bxf6 Qxf6
21. Qxd5 Bxf3 22. Qxf3 Qe5 23. g3 Rxb2 24. Bc4 Qe7 25. Rfd1 Rfb8 26. Bb3 a5 27.
Bc4 R2b4 28. Qxf7+ Kh8 29. Qxe7 Bxe7 30. Rd7 Bd8 31. Kg2 Bb6 32. Rc2 Rf8 33. f4
Re8 34. Kf3 h6 35. e4 Kh7 36. f5 Bd8 37. Rd5 Be7 38. e5 a4 39. h4 a3 40. Bb3
Rd4 41. Rxd4 cxd4 42. Ke4 Bf6 43. Be6 d3 44. Rd2 Be7 45. Rxd3 Rb8 46. Rd7 Rb4+
47. Rd4 Rb6 48. Bc4 Rb7 49. Bb3 Bc5 50. Rd8 Rb4+ 51. Kf3 Rxb3+ 52. axb3 a2 53.
Ra8 Bd4 54. e6 Bf6 55. Rxa2 g6 56. Ra7+ Kg8 57. fxg6 1-0

[Event "XXXIII C.to Italiano femminile"]
[Site "Bratto - Castione della Presolana ITA"]
[Date "2006.08.19"]
[Round "1"]
[White "Tonel, Giulia"]
[Black "Palmitessa, Chiara"]
[Result "1-0"]
[WhiteElo "1905"]
[BlackElo "1569"]
[PlyCount "39"]
[EventDate "2006.08.19"]

1. e4 e5 2. Nf3 Nc6 3. Bc4 Bc5 4. c3 d6 5. d4 exd4 6. cxd4 Bb6 7. h3 h6 8. Nc3
Nf6 9. O-O O-O 10. Bb3 Re8 11. Re1 Ba5 12. Bc2 Bxc3 13. bxc3 d5 14. e5 Nh7 15.
Qd3 Nf8 16. Ba3 g6 17. Qd2 g5 18. Qd3 Ne7 19. Qd2 Bf5 20. Bxe7 1-0

[Event "XXXIII C.to Italiano femminile"]
[Site "Bratto - Castione della Presolana ITA"]
[Date "2006.08.19"]
[Round "1"]
[White "Varagnolo, Silvia"]
[Black "Santurbano, Maria Vincenza"]
[Result "0-1"]
[WhiteElo "1667"]
[BlackElo "1985"]
[PlyCount "44"]
[EventDate "2006.08.19"]

1. e4 c5 2. Nc3 e6 3. g3 d5 4. exd5 exd5 5. d4 Nf6 6. Bg2 cxd4 7. Qxd4 Nc6 8.
Qd1 Bb4 9. Bd2 O-O 10. Nge2 d4 11. Ne4 Nxe4 12. Bxe4 Re8 13. Bd3 Ne5 14. Be4
Nc4 15. Bxb4 Rxe4 16. O-O Bh3 17. Re1 Ne5 18. Bc5 Nf3+ 19. Kh1 Nxe1 20. Qxe1 d3
21. cxd3 Qxd3 22. Be3 Rxe3 0-1

[Event "XXXIII C.to Italiano femminile"]
[Site "Bratto - Castione della Presolana ITA"]
[Date "2006.08.19"]
[Round "1"]
[White "Vocaturo, Ilaria"]
[Black "Di Cerbo, Giulia"]
[Result "1-0"]
[WhiteElo "1580"]
[BlackElo "1914"]
[PlyCount "71"]
[EventDate "2006.08.19"]

1. d4 Nf6 2. Nf3 e6 3. Bg5 d5 4. e3 c5 5. c3 Nc6 6. Bd3 Bd6 7. Nbd2 O-O 8. O-O
Re8 9. e4 cxd4 10. Nxd4 Nxd4 11. cxd4 dxe4 12. Nxe4 Be7 13. Bc2 Nd5 14. Be3
Nxe3 15. fxe3 f5 16. Nd2 Bg5 17. Qe2 Bd7 18. Nf3 Bf6 19. Bb3 Qb6 20. Qd2 Bb5
21. Rfc1 Bc6 22. Qe2 f4 23. exf4 Bxd4+ 24. Nxd4 Qxd4+ 25. Qf2 Qxf2+ 26. Kxf2
Kf7 27. f5 Bd5 28. fxe6+ Kxe6 29. Bxd5+ Kxd5 30. Rc7 Rf8+ 31. Kg1 Rg8 32. Rd1+
Ke6 33. Rxb7 a5 34. Rd2 Kf6 35. Rd6+ Ke5 36. Rc6 1-0

[Event "XXXIII C.to Italiano femminile"]
[Site "Bratto - Castione della Presolana ITA"]
[Date "2006.08.20"]
[Round "2"]
[White "Brunello, Marina"]
[Black "De Rosa, Mariagrazia"]
[Result "0-1"]
[WhiteElo "1944"]
[BlackElo "2092"]
[PlyCount "88"]
[EventDate "2006.08.19"]

1. e4 c6 2. d4 d5 3. e5 g6 4. Bd3 Bg7 5. Nf3 Bg4 6. O-O Nh6 7. h3 Bxf3 8. Qxf3
e6 9. c3 Qb6 10. Na3 a6 11. Rb1 Nf5 12. g4 Ne7 13. Be3 Nd7 14. Nc2 h5 15. Bg5
c5 16. b3 Nc6 17. Qe3 Qa5 18. b4 cxd4 19. cxd4 Qc7 20. gxh5 Rxh5 21. h4 b5 22.
Ne1 Nb6 23. Nf3 Ne7 24. Rfc1 Nc4 25. Qe2 Kd7 26. a4 Qb6 27. axb5 axb5 28. Ra1
Rhh8 29. Kg2 Nc6 30. Be3 Nxb4 31. Rxa8 Rxa8 32. Bxc4 bxc4 33. Rb1 c3 34. Ne1
Bf8 35. Nd3 Qa6 36. Nc5+ Bxc5 37. Qxa6 Rxa6 38. dxc5 Nc6 39. Rb3 d4 40. Bxd4
Nxd4 41. Rxc3 Kc6 42. f4 Ra2+ 43. Kh3 Rf2 44. Rc4 Rxf4 0-1

[Event "XXXIII C.to Italiano femminile"]
[Site "Bratto - Castione della Presolana ITA"]
[Date "2006.08.20"]
[Round "2"]
[White "Brunello, Roberta"]
[Black "Ammendola, Monica"]
[Result "1-0"]
[WhiteElo "1863"]
[BlackElo "1640"]
[PlyCount "101"]
[EventDate "2006.08.19"]

1. e4 e6 2. d4 d5 3. e5 c5 4. c3 Nc6 5. Nf3 Bd7 6. a3 Nge7 7. b4 cxd4 8. cxd4
a6 9. Bb2 Rc8 10. Bd3 Nf5 11. Nbd2 Be7 12. O-O O-O 13. Rc1 Qb6 14. Nb3 Rfd8 15.
Qd2 f6 16. g4 fxe5 17. Nxe5 Nh4 18. Nxd7 Rxd7 19. Qe3 Na7 20. Rxc8+ Nxc8 21.
Re1 Kh8 22. Qxe6 Qxe6 23. Rxe6 Nf3+ 24. Kg2 Ng5 25. Re2 g6 26. Nc5 Rc7 27. Re5
Nb6 28. a4 Nc4 29. Bxc4 dxc4 30. d5 Kg8 31. d6 Bxd6 32. Rxg5 Be7 33. Rd5 Kf7
34. g5 Bxc5 35. bxc5 Ke6 36. Re5+ Kd7 37. Kf3 Kc6 38. Ke4 Rd7 39. Bd4 Rd8 40.
Re6+ Kc7 41. Be5+ Kc8 42. Bd6 Rd7 43. Re8+ Rd8 44. Rxd8+ Kxd8 45. Kd4 c3 46.
Kxc3 Kd7 47. a5 Kc8 48. Kd4 Kd8 49. Ke5 Ke8 50. Kf6 Kd7 51. Kg7 1-0

[Event "XXXIII C.to Italiano femminile"]
[Site "Bratto - Castione della Presolana ITA"]
[Date "2006.08.20"]
[Round "2"]
[White "Chierici, Marianna"]
[Black "Arnetta, Maria Teresa"]
[Result "1/2-1/2"]
[WhiteElo "1938"]
[BlackElo "2020"]
[PlyCount "179"]
[EventDate "2006.08.19"]

1. e4 c5 2. c3 d5 3. exd5 Qxd5 4. d4 Nc6 5. Nf3 e5 6. Nxe5 Nxe5 7. dxe5 Qxe5+
8. Qe2 Qxe2+ 9. Bxe2 Bd7 10. O-O O-O-O 11. Na3 Nf6 12. Bf4 Nd5 13. Bg3 h5 14.
h3 g5 15. Nb5 Bxb5 16. Bxb5 Bd6 17. Bxd6 Rxd6 18. Rad1 Rhd8 19. Ba4 a6 20. Rd2
Nxc3 21. Rxd6 Ne2+ 22. Kh2 Rxd6 23. Bd1 Rd2 24. Re1 Nf4 25. Bf3 f6 26. Re8+ Kd7
27. Rb8 Rxb2 28. Rxb7+ Rxb7 29. Bxb7 a5 30. g3 Nd3 31. Kg2 Nb4 32. a3 Nc2 33.
a4 Nd4 34. f3 Ne2 35. Be4 Kd6 36. Kf2 Nc3 37. Bc2 Kd5 38. Ke3 Kc4 39. f4 Kb4
40. fxg5 fxg5 41. h4 gxh4 42. gxh4 Nxa4 43. Kd2 Nb6 44. Bg6 Nc4+ 45. Kc1 Ne3
46. Bxh5 Ng2 47. Bf3 Nxh4 48. Be4 Kc3 49. Kb1 Kd4 50. Bh7 Kc3 51. Ka2 Kb4 52.
Be4 c4 53. Kb2 c3+ 54. Ka2 a4 55. Ka1 Kb3 56. Kb1 a3 57. Bd5+ Kb4 58. Be4 Kb5
59. Bd3+ Ka4 60. Bc2+ Ka5 61. Bd3 Nf3 62. Bc2 Kb4 63. Bg6 Nd2+ 64. Ka2 Nc4 65.
Kb1 Ne3 66. Bf7 Nc4 67. Bg6 Nd2+ 68. Ka2 Nf3 69. Be4 Nd4 70. Kb1 Kc4 71. Bg6
Nb5 72. Kc2 Nd6 73. Kb1 Nb5 74. Kc2 Nd4+ 75. Kb1 Nc6 76. Ka2 Ne5 77. Bc2 Kb4
78. Bf5 Nc4 79. Bg6 Kc5 80. Kb3 Kd4 81. Bh7 Ke3 82. Bg6 Kd2 83. Bh7 Nb2 84. Bb1
Nc4 85. Bh7 Kc1 86. Bg6 Ne5 87. Bf5 Kd2 88. Bb1 Nc4 89. Bg6 Ne3 90. Kxa3
1/2-1/2

[Event "XXXIII C.to Italiano femminile"]
[Site "Bratto - Castione della Presolana ITA"]
[Date "2006.08.20"]
[Round "2"]
[White "Costantini, Laura"]
[Black "Di Cerbo, Giulia"]
[Result "1-0"]
[WhiteElo "2048"]
[BlackElo "1914"]
[PlyCount "113"]
[EventDate "2006.08.19"]

1. e4 e6 2. d4 d5 3. Nc3 dxe4 4. Nxe4 Bd7 5. Nf3 Bc6 6. Bd3 Nd7 7. Qe2 Ngf6 8.
Ng3 Be7 9. Bd2 b6 10. O-O-O Bxf3 11. Qxf3 O-O 12. Ne4 c5 13. dxc5 bxc5 14. Bg5
Qb6 15. Nxf6+ Nxf6 16. h4 Rab8 17. b3 h6 18. Bd2 Rfc8 19. Bc4 Ne8 20. g4 Qb7
21. Qxb7 Rxb7 22. Ba6 Rcb8 23. Bxb7 Rxb7 24. c4 Nf6 25. f3 Nd7 26. Bf4 Nf8 27.
g5 Ng6 28. Be3 h5 29. f4 Rc7 30. Rd2 Kh7 31. Kc2 Nf8 32. Rhd1 Kg6 33. Bf2 Kf5
34. Rd3 a6 35. Re1 Ng6 36. Bg3 f6 37. a3 a5 38. Rde3 Rc6 39. Rd1 Rc7 40. Be1
Ra7 41. Red3 Nf8 42. Bg3 Rb7 43. Kd2 Ra7 44. Ke3 Rb7 45. Kf3 e5 46. fxe5 fxg5
47. hxg5 Bxg5 48. Be1 Ra7 49. Bc3 Be7 50. Kg2 g5 51. Rf3+ Kg6 52. Rdf1 Ne6 53.
Rf6+ Bxf6 54. Rxf6+ Kh7 55. Rxe6 a4 56. b4 cxb4 57. Bxb4 1-0

[Event "XXXIII C.to Italiano femminile"]
[Site "Bratto - Castione della Presolana ITA"]
[Date "2006.08.20"]
[Round "2"]
[White "Fittante, Giuliana"]
[Black "Messina, Roberta"]
[Result "1-0"]
[WhiteElo "1883"]
[BlackElo "1859"]
[PlyCount "83"]
[EventDate "2006.08.19"]

1. d4 Nf6 2. Nf3 b6 3. c3 Bb7 4. Bg5 e6 5. Nbd2 Be7 6. e3 d6 7. Bd3 Nbd7 8. Qe2
O-O 9. h3 h6 10. Bh4 c5 11. O-O Re8 12. Bg3 Rc8 13. Rfd1 Nh7 14. Nc4 Ndf6 15.
e4 d5 16. exd5 Qxd5 17. dxc5 Qxc5 18. Nfe5 Rcd8 19. Qc2 Ng5 20. Re1 Bd5 21. b4
Qc8 22. Nd2 Rf8 23. c4 Bb7 24. a3 a5 25. f4 Ngh7 26. Bh4 Qc7 27. bxa5 Qc5+ 28.
Bf2 Qxa5 29. Nb3 Qa7 30. a4 Bb4 31. Re2 Bc5 32. Nxc5 bxc5 33. Bh4 Rd4 34. Rf1
Ra8 35. Qb1 Rb8 36. Rb2 Rdd8 37. Bxh7+ Nxh7 38. Bxd8 Be4 39. Qxe4 Rxb2 40. Qc6
Nf6 41. Bxf6 gxf6 42. Nd7 1-0

[Event "XXXIII C.to Italiano femminile"]
[Site "Bratto - Castione della Presolana ITA"]
[Date "2006.08.20"]
[Round "2"]
[White "Matta, Francesca"]
[Black "Chiarion, Elisa"]
[Result "1-0"]
[WhiteElo "1841"]
[BlackElo "1636"]
[PlyCount "79"]
[EventDate "2006.08.19"]

1. e4 c5 2. Nc3 Nc6 3. g3 g6 4. Bg2 Bg7 5. d3 e6 6. f4 d6 7. Nf3 Nge7 8. O-O
O-O 9. Be3 Qb6 10. Rb1 Rd8 11. a3 d5 12. Bf2 d4 13. Ne2 Qc7 14. e5 b6 15. Nd2
h5 16. Ne4 Nd5 17. h3 Rb8 18. Qd2 Bb7 19. g4 hxg4 20. hxg4 Ba8 21. Bh4 Rf8 22.
Qe1 Qd7 23. Bf6 Qc7 24. Qh4 Rfc8 25. Bxg7 Kxg7 26. Nf6 Rh8 27. Qg5 Qe7 28. Bxd5
exd5 29. Ng3 Kf8 30. Kg2 Nd8 31. Rh1 Rxh1 32. Rxh1 Qe6 33. Nd7+ Ke8 34. Nxb8
Qe7 35. Rh8+ Qf8 36. Rxf8+ Kxf8 37. Qxd8+ Kg7 38. Nd7 Bc6 39. Qf8+ Kh7 40. Nf6#
1-0

[Event "XXXIII C.to Italiano femminile"]
[Site "Bratto - Castione della Presolana ITA"]
[Date "2006.08.20"]
[Round "2"]
[White "Palmitessa, Irene"]
[Black "Monticone, Sonia"]
[Result "1-0"]
[WhiteElo "1643"]
[BlackElo "1623"]
[PlyCount "79"]
[EventDate "2006.08.19"]

1. e4 c5 2. Nc3 e6 3. Nf3 d5 4. d4 dxe4 5. Nxe4 Nc6 6. dxc5 Qxd1+ 7. Kxd1 Bd7
8. Bf4 Be7 9. Bb5 Nf6 10. Nd6+ Bxd6 11. Bxd6 O-O-O 12. Ke2 e5 13. Bxc6 Bxc6 14.
Be7 Bb5+ 15. Ke1 Rd7 16. Bxf6 gxf6 17. Rd1 Rhd8 18. Rxd7 Rxd7 19. Nd2 f5 20. c4
Bc6 21. Rg1 e4 22. g3 f6 23. Ke2 Rd8 24. Rd1 Be8 25. Ke1 Bh5 26. Rc1 Rd3 27.
Nf1 Kc7 28. Ne3 Kc6 29. Ng2 Bg4 30. Nf4 Rd8 31. a3 Re8 32. Nd5 Re6 33. b4 Bh5
34. Nf4 Bf7 35. Nxe6 Bxe6 36. Ke2 Bf7 37. Ke3 Bh5 38. Kf4 Bg4 39. Rc2 Bh5 40.
Rd2 1-0

[Event "XXXIII C.to Italiano femminile"]
[Site "Bratto - Castione della Presolana ITA"]
[Date "2006.08.20"]
[Round "2"]
[White "Panella, Fiammetta"]
[Black "Mosca, Giulia"]
[Result "1-0"]
[WhiteElo "1954"]
[BlackElo "1563"]
[PlyCount "63"]
[EventDate "2006.08.19"]

1. e4 c6 2. d4 d5 3. f3 Nd7 4. Nc3 e6 5. Bf4 Ne7 6. Qd3 Ng6 7. Bg3 Nb6 8. O-O-O
Bd6 9. e5 Be7 10. Kb1 Qc7 11. f4 Bh4 12. Bxh4 Nxh4 13. g4 Bd7 14. Bh3 Ng6 15.
Nge2 O-O-O 16. Rdf1 Nc4 17. b3 Na5 18. Ng3 Ne7 19. f5 Rdf8 20. Rf2 c5 21. dxc5
Qxe5 22. Rhf1 d4 23. Nce4 Bc6 24. fxe6 Qxe6 25. Nd6+ Kb8 26. Nxf7 Rhg8 27. Ng5
Qc8 28. Rxf8 Rxf8 29. Rxf8 Qxf8 30. Qxd4 h6 31. Ne6 Qe8 32. Qd6+ 1-0

[Event "XXXIII C.to Italiano femminile"]
[Site "Bratto - Castione della Presolana ITA"]
[Date "2006.08.20"]
[Round "2"]
[White "Reginato, Sabrina"]
[Black "Sautto, Alessandra"]
[Result "0-1"]
[WhiteElo "1517"]
[BlackElo "1950"]
[PlyCount "96"]
[EventDate "2006.08.19"]

1. e4 d5 2. exd5 Qxd5 3. Nc3 Qd6 4. d4 c6 5. Nf3 Bf5 6. Bd3 Bxd3 7. Qxd3 e6 8.
Be3 Nf6 9. Ne5 Qc7 10. h3 Bd6 11. O-O-O O-O 12. f4 Nd5 13. Rdf1 Nxc3 14. Qxc3
b5 15. g4 b4 16. Qd3 a5 17. g5 Bxe5 18. fxe5 Nd7 19. h4 a4 20. c3 bxc3 21. Qxc3
Nb6 22. Bd2 Nd5 23. Qc2 Qb6 24. Qc5 Qa6 25. Rf2 Qb5 26. Qxb5 cxb5 27. Be1 Rac8+
28. Kb1 Rc4 29. Rd2 Rfc8 30. Bf2 Kf8 31. Re1 Ke7 32. Bg1 b4 33. Rf1 R8c7 34. a3
bxa3 35. bxa3 Rc3 36. Kb2 Rb3+ 37. Ka1 Nc3 38. Rdf2 Rxa3+ 39. Kb2 Ra2+ 40. Kc1
Ne4+ 41. Kb1 Rxf2 42. Rxf2 Nxf2 43. Bxf2 Kd7 44. Kb2 Kc6 45. Ka3 Kb5 46. Be1
Rc4 47. Bf2 Rc3+ 48. Kb2 Rf3 0-1

[Event "XXXIII C.to Italiano femminile"]
[Site "Bratto - Castione della Presolana ITA"]
[Date "2006.08.20"]
[Round "2"]
[White "Santurbano, Maria Vincenza"]
[Black "Tonel, Giulia"]
[Result "1-0"]
[WhiteElo "1985"]
[BlackElo "1905"]
[PlyCount "65"]
[EventDate "2006.08.19"]

1. e4 e5 2. Nf3 Nc6 3. Bb5 a6 4. Ba4 Nf6 5. O-O Be7 6. Re1 b5 7. Bb3 d6 8. c3
O-O 9. h3 h6 10. d4 Re8 11. Nbd2 Bb7 12. Nf1 Bf8 13. Ng3 Na5 14. Bc2 c5 15. d5
Nc4 16. Nh2 g6 17. a4 Bg7 18. Qe2 Qd7 19. b3 Nb6 20. Be3 bxa4 21. bxa4 Nc8 22.
a5 Ne7 23. Ba4 Qc7 24. Bxe8 Rxe8 25. Reb1 Nd7 26. Ng4 Kh7 27. Qd2 f5 28. exf5
gxf5 29. Bxh6 fxg4 30. Bxg7 Kxg7 31. Qg5+ Ng6 32. Nf5+ Kf7 33. Rxb7 1-0

[Event "XXXIII C.to Italiano femminile"]
[Site "Bratto - Castione della Presolana ITA"]
[Date "2006.08.20"]
[Round "2"]
[White "Vocaturo, Ilaria"]
[Black "Capuano, Francesca"]
[Result "0-1"]
[WhiteElo "1580"]
[BlackElo "1977"]
[PlyCount "90"]
[EventDate "2006.08.19"]

1. d4 d5 2. Nf3 Nf6 3. Bg5 Nbd7 4. e3 g6 5. Bd3 Bg7 6. Nbd2 c5 7. c3 O-O 8. O-O
b6 9. Qe2 Bb7 10. e4 dxe4 11. Nxe4 Nxe4 12. Bxe4 Bxe4 13. Qxe4 Nf6 14. Qe2 Qc7
15. Rfe1 e6 16. dxc5 Qxc5 17. Be3 Qh5 18. Nd4 Qxe2 19. Nxe2 Nd5 20. Bd4 e5 21.
Be3 Nxe3 22. fxe3 Rfd8 23. Rad1 f5 24. Kf2 Rac8 25. Kf1 Kf7 26. Kf2 Ke6 27. Kf1
Bh6 28. Kf2 Bf8 29. Rf1 Bc5 30. Kf3 g5 31. g3 g4+ 32. Kf2 h5 33. Rfe1 Be7 34.
Rf1 Bg5 35. Rfe1 Rxd1 36. Rxd1 Rd8 37. Rxd8 Bxd8 38. Kg2 Kd5 39. Nc1 Ke4 40.
Kf2 Bg5 41. Ke2 Bxe3 42. Nd3 Bg1 43. Ne1 Bxh2 44. Kf2 f4 45. gxf4 exf4 0-1

[Event "XXXIII C.to Italiano femminile"]
[Site "Bratto - Castione della Presolana ITA"]
[Date "2006.08.20"]
[Round "2"]
[White "Zanaboni, Alessandra"]
[Black "Varagnolo, Silvia"]
[Result "1-0"]
[WhiteElo "1617"]
[BlackElo "1667"]
[PlyCount "53"]
[EventDate "2006.08.19"]

1. e4 c6 2. d4 d5 3. exd5 cxd5 4. Bd3 Nf6 5. c3 Nc6 6. Bf4 e6 7. Nf3 Be7 8. O-O
O-O 9. Nbd2 Bd7 10. Re1 Re8 11. Ne5 Rc8 12. Ndf3 h6 13. Qd2 Bf8 14. Rac1 a6 15.
Nxc6 Bxc6 16. Ne5 Nh5 17. Be3 Nf6 18. f4 b5 19. f5 Bb7 20. fxe6 fxe6 21. Bg6
Re7 22. Qf2 Rec7 23. Rf1 Be7 24. Bf7+ Kh7 25. Bxe6 Ra8 26. Qf5+ Kh8 27. Nf7+
1-0

[Event "XXXIII C.to Italiano femminile"]
[Site "Bratto - Castione della Presolana ITA"]
[Date "2006.08.21"]
[Round "3"]
[White "Arnetta, Maria Teresa"]
[Black "Costantini, Laura"]
[Result "1-0"]
[WhiteElo "2020"]
[BlackElo "2048"]
[PlyCount "55"]
[EventDate "2006.08.19"]

1. e4 c5 2. c3 d6 3. d4 Nf6 4. dxc5 Nc6 5. Bc4 e6 6. Bg5 dxc5 7. Qe2 Be7 8. Nf3
a6 9. a4 Qc7 10. O-O O-O 11. e5 Nd5 12. Bxe7 Qxe7 13. Qe4 Rd8 14. Re1 b6 15.
Nbd2 Bb7 16. Qg4 Nc7 17. Ne4 Kh8 18. Neg5 h6 19. Qh5 Rd7 20. Ne4 Ne8 21. g4 f6
22. g5 fxg5 23. Nexg5 Nd8 24. Qg6 hxg5 25. Nxg5 Nf6 26. exf6 gxf6 27. Re3 Qg7
28. Qe8+ 1-0